Largest Country Capitals by Area - Statistics

General Stats
  • This quiz has been taken 1,527 times
  • The average score is 15 of 18
Answer Stats
Area Capital City % Correct
8,547 Tokyo
97%
3,820 Beijing
95%
1,738 London
94%
4,662 Moscow
94%
2,845 Paris
93%
2,072 New Delhi
91%
2,072 Mexico City
90%
3,424 Washington D.C.
89%
1,347 Berlin
85%
1,761 Cairo
85%
3,225 Jakarta
84%
2,681 Buenos Aires
80%
2,266 Seoul
78%
2,590 Bangkok
75%
1,489 Tehran
75%
1,580 Manila
70%
1,502 Riyadh
60%
1,943 Kuala Lumpur
57%
No matching quizzes found
Score Distribution
Percent of People with Each Score
Percentile by Number Answered
Your Score History
You have not taken this quiz